Logo Biblioteca

Uno a Uno Los Pájaros (Registro nro. 347)

Detalles MARC
000 -LEADER
fixed length control field 00384nam a22001457a 4500
003 - CONTROL NUMBER IDENTIFIER
control field OSt
005 - DATE AND TIME OF LATEST TRANSACTION
control field 20241001130120.0
008 - FIXED-LENGTH DATA ELEMENTS--GENERAL INFORMATION
fixed length control field 241001b2024 ag ||||| |||| 00| 0 spa d
020 ## - INTERNATIONAL STANDARD BOOK NUMBER
International Standard Book Number 9786310038940
040 ## - CATALOGING SOURCE
Transcribing agency besoc
100 ## - MAIN ENTRY--PERSONAL NAME
Personal name Ceballos, Cintia
Relator term Autor
245 ## - TITLE STATEMENT
Title Uno a Uno Los Pájaros
Statement of responsibility, etc. Cintia Ceballos
260 ## - PUBLICATION, DISTRIBUTION, ETC.
Place of publication, distribution, etc. Buenos Aires:
Name of publisher, distributor, etc. La Gran Nilson Editora
Date of publication, distribution, etc. 2024
942 ## - ADDED ENTRY ELEMENTS (KOHA)
Source of classification or shelving scheme Universal Decimal Classification
Koha item type Obra General
Suppress in OPAC No
Existencias
Withdrawn status Lost status Source of classification or shelving scheme Damaged status Not for loan Collection Home library Current library Date acquired Total checkouts Barcode Date last seen Price effective from Koha item type
    Universal Decimal Classification     Colección General Biblioteca Escuela de Ciencias Sociales Biblioteca Escuela de Ciencias Sociales 01/10/2024   001251 01/10/2024 01/10/2024 Obra General
Biblioteca de la Escuela Preuniversitaria en Ciencias Sociales y Humanísticas.
Riobamba 250 bis.
CP 2000 - Rosario - Santa Fe
E-Mail: biblioteca@esociales.unr.edu.ar